| 000 | 00346nam a2200133Ia 4500 | ||
|---|---|---|---|
| 008 | 150202s9999 xx 000 0 und d | ||
| 020 | _a586202692 | ||
| 050 |
_aFIC _bFIC |
||
| 100 | _aBrown, Dale. | ||
| 245 |
_aSilver tower / _cDale Brown. |
||
| 260 |
_aLondon : _bGrafton Books, _c1988. |
||
| 300 |
_a446 pages : _c18 cm. |
||
| 650 | _aFiction. | ||
| 999 |
_c281877 _d281877 |
||